Những nghiên cứu về Bảo vệ thực vật T. 4 Những nghiên cứu về Bảo vệ thực vật
Chọn lọc giới thiệu các công trình xuất bản trong những năm 1975-1978 về chủ đề: phương pháp sinh vật học và những vấn đề lý luận, những ứng dụng tổng hợp bảo vệ thực vật trong thực tiễn sản xuất ở nhiều nước trên thế giới...
保存先:
| その他の著者: | , , , , |
|---|---|
| フォーマット: | 図書 |
| 言語: | Vietnamese |
| 出版事項: |
H.
Khoa học và kỹ thuật
1979
|
| 主題: | |
| タグ: |
タグ追加
タグなし, このレコードへの初めてのタグを付けませんか!
|
| Thư viện lưu trữ: | Mạng thư viện Đại học Đà Nẵng |
|---|
| LEADER | 01762nam a2200385 4500 | ||
|---|---|---|---|
| 001 | 000009148 | ||
| 003 | 5343 | ||
| 005 | 20111025091036.0 | ||
| 008 | 111025s1979 viesd | ||
| 020 | |c 1đ | ||
| 041 | 0 | |a vie | |
| 082 | |a 639.99 |b Bao | ||
| 245 | 1 | 0 | |a Những nghiên cứu về Bảo vệ thực vật |c Đường Hồng Dật, Phạm Bình Quyền, Trần Quang Hùng; Nguyễn Thị Sâm; Nguyễn Quang Thọ (Dịch) |n T. 4 |p Những nghiên cứu về Bảo vệ thực vật |
| 260 | |a H. |b Khoa học và kỹ thuật |c 1979 | ||
| 300 | |a 147 tr |c 24 cm | ||
| 520 | |a Chọn lọc giới thiệu các công trình xuất bản trong những năm 1975-1978 về chủ đề: phương pháp sinh vật học và những vấn đề lý luận, những ứng dụng tổng hợp bảo vệ thực vật trong thực tiễn sản xuất ở nhiều nước trên thế giới | ||
| 653 | |a công trình khoa học | ||
| 653 | |a bảo vệ thực vật | ||
| 700 | |a Trần Quang Hùng |e dịch | ||
| 700 | |a Phạm Bình Quyền |e dịch | ||
| 700 | |a Nguyễn Thị Sâm |e dịch | ||
| 700 | |a Nguyễn Quang Thọ |e dịch | ||
| 700 | |a Đường Hồng Dật |e dịch | ||
| 773 | |t Những nghiên cứu về bảo vệ thực vật |w 5182 | ||
| 910 | |a duyên |d 24/10/2011 | ||
| OWN | |a LSP | ||
| AVA | |a UDN50 |b LSP |d 639.99 Bao |e unavailable |t Error 5002 Not defined in file expand_doc_bib_avail. |f 1 |g 1 |h N |i 0 |k 1 | ||
| 999 | |a From the UDN01 | ||
| AVA | |a UDN50 |b LSP |d 639.99 Bao |e unavailable |t Error 5002 Not defined in file expand_doc_bib_avail. |f 1 |g 1 |h N |i 0 |k 1 | ||
| TYP | |a Monograph | ||
| TYP | |a Printed language | ||
| 980 | |a Mạng thư viện Đại học Đà Nẵng | ||